000 00539nam a2200205Ia 4500
005 20250508165049.0
008 008 250505s9999 xx 000 0 hin d
037 _aTextual
040 _aFEDL
_beng
_cFEDL
041 _ahin
_2eng
084 _a891.440 92, TAG
_qFEDL
100 _aTagore Rabindranath
245 0 _aJeevan smriti
260 _aDelhi, India
_bHind Pocket Books
_c1990
300 _a159p.
365 _aINR
_b25
546 _aMACESE
942 _cTEXL
_h891.440 92, TAG
999 _c1392937
_d1392937